[Event "12e Open de Quenza"]
[Site "Quenza"]
[Date "2023.07.23"]
[Round "2.4"]
[White "Tregubov, Pavel V."]
[Black "Don Ignazi, Pierre Ange"]
[Result "1-0"]
[BlackElo "1728"]
[WhiteElo "2567"]
[LiveChessVersion "1.4.6"]

1. e4 {[%clk 0:05:03]} e6 {[%clk 0:05:03]} 2. d4 {[%clk 0:05:03]} d5
{[%clk 0:05:03]} 3. e5 {[%clk 0:05:03]} c5 {[%clk 0:05:03]} 4. c3
{[%clk 0:05:03]} Bd7 {[%clk 0:05:03]} 5. Nf3 {[%clk 0:05:03]} Qb6
{[%clk 0:05:03]} 6. Be2 {[%clk 0:05:03]} cxd4 {[%clk 0:05:03]} 7. cxd4
{[%clk 0:05:03]} Bb5 {[%clk 0:05:03]} 8. Nc3 {[%clk 0:05:03]} Bxe2
{[%clk 0:05:03]} 9. Nxe2 {[%clk 0:05:03]} Bb4+ {[%clk 0:05:00]} 10. Kf1
{[%clk 0:05:03]} Nc6 {[%clk 0:04:44]} 11. a3 {[%clk 0:04:51]} Bf8
{[%clk 0:04:29]} 12. b4 {[%clk 0:04:45]} Nge7 {[%clk 0:04:19]} 13. Ng3
{[%clk 0:04:43]} Ng6 {[%clk 0:04:16]} 14. Nh5 {[%clk 0:04:39]} Rc8
{[%clk 0:04:09]} 15. Rb1 {[%clk 0:04:27]} Nce7 {[%clk 0:03:18]} 16. g3
{[%clk 0:04:24]} Rc4 {[%clk 0:03:13]} 17. Kg2 {[%clk 0:04:20]} Nf5
{[%clk 0:03:13]} 18. Bb2 {[%clk 0:04:00]} Be7 {[%clk 0:02:44]} 19. Qa4+
{[%clk 0:03:52]} Qc6 {[%clk 0:02:30]} 20. Qxc6+ {[%clk 0:03:48]} Rxc6
{[%clk 0:02:23]} 21. Rhc1 {[%clk 0:03:28]} Rc4 {[%clk 0:01:45]} 22. Nd2
{[%clk 0:03:22]} Rxc1 {[%clk 0:01:28]} 23. Rxc1 {[%clk 0:03:22]} Kd7
{[%clk 0:01:24]} 24. g4 {[%clk 0:03:16]} Nfh4+ {[%clk 0:01:16]} 25. Kg3
{[%clk 0:03:16]} Rc8 {[%clk 0:00:55]} 26. Rxc8 {[%clk 0:03:12]} Kxc8
{[%clk 0:00:55]} 27. f4 {[%clk 0:02:59]} Bf8 {[%clk 0:00:28]} 28. Nf1
{[%clk 0:02:59]} b5 {[%clk 0:00:24]} 29. Ne3 {[%clk 0:02:59]} f5 {[%clk 0:00:14]}
30. exf6 {[%clk 0:02:57]} gxf6 {[%clk 0:00:14]} 31. f5 {[%clk 0:02:45]} Bd6+
{[%clk 0:00:14]} 32. Kh3 {[%clk 0:02:43]} exf5 {[%clk 0:00:14]} 33. gxf5
{[%clk 0:02:43]} Nf4+ {[%clk 0:00:14]} 34. Kxh4 {[%clk 0:02:43]} Nxh5
{[%clk 0:00:12]} 35. Kxh5 Bxh2 36. Ng4 {[%clk 0:02:43]} Bg1 {[%clk 0:00:12]} 37.
Nxf6 {[%clk 0:02:43]} a5 {[%clk 0:00:10]} 38. bxa5 {[%clk 0:02:42]} 1-0

[Event "12e Open de Quenza"]
[Site "Quenza"]
[Date "2023.07.23"]
[Round "2.5"]
[White "Battasi, Antonio Domenico"]
[Black "Kosteniuk, Alexandra"]
[Result "0-1"]
[BlackElo "2532"]
[WhiteElo "1613"]
[LiveChessVersion "1.4.6"]

1. e4 {[%clk 0:05:03]} c6 {[%clk 0:05:03]} 2. d4 {[%clk 0:05:00]} d5
{[%clk 0:05:03]} 3. Nc3 {[%clk 0:05:00]} dxe4 {[%clk 0:05:03]} 4. f3
{[%clk 0:05:00]} e3 {[%clk 0:04:47]} 5. Bxe3 {[%clk 0:05:00]} Nf6
{[%clk 0:04:46]} 6. Qd2 {[%clk 0:04:56]} Bf5 {[%clk 0:04:46]} 7. O-O-O
{[%clk 0:04:54]} e6 {[%clk 0:04:46]} 8. g4 {[%clk 0:04:53]} Bg6 {[%clk 0:04:46]}
9. h4 {[%clk 0:04:43]} h5 10. g5 {[%clk 0:04:33]} Nd5 {[%clk 0:04:46]} 11. Nxd5
{[%clk 0:04:29]} cxd5 {[%clk 0:04:46]} 12. Bd3 {[%clk 0:04:27]} Bxd3
{[%clk 0:04:36]} 13. Qxd3 {[%clk 0:04:27]} g6 {[%clk 0:04:28]} 14. Ne2
{[%clk 0:04:21]} Nc6 {[%clk 0:04:28]} 15. Nf4 {[%clk 0:04:12]} Qc7
{[%clk 0:04:14]} 16. Kb1 {[%clk 0:04:06]} O-O-O {[%clk 0:04:04]} 17. Ne2
{[%clk 0:03:50]} Bd6 {[%clk 0:03:56]} 18. Nc3 {[%clk 0:03:37]} a6
{[%clk 0:03:56]} 19. Rdf1 {[%clk 0:03:23]} Ne7 {[%clk 0:03:56]} 20. Ne2 Nf5
{[%clk 0:03:47]} 21. Kc1 {[%clk 0:02:41]} Kb8 {[%clk 0:03:46]} 22. Bf2
{[%clk 0:02:34]} Ka8 {[%clk 0:03:42]} 23. c3 {[%clk 0:02:29]} b5 {[%clk 0:03:40]}
24. Kb1 {[%clk 0:02:10]} Rb8 {[%clk 0:03:40]} 25. Be1 {[%clk 0:01:50]} Rb6
{[%clk 0:03:38]} 26. Rfg1 {[%clk 0:01:49]} Qc4 {[%clk 0:03:31]} 27. Qxc4
{[%clk 0:01:48]} bxc4 {[%clk 0:03:31]} 28. Bd2 {[%clk 0:01:30]} Rhb8
{[%clk 0:03:26]} 29. Bc1 {[%clk 0:01:30]} a5 {[%clk 0:03:22]} 0-1

[Event "12e Open de Quenza"]
[Site "Quenza"]
[Date "2023.07.23"]
[Round "2.6"]
[White "Maurizzi, Marc Andria"]
[Black "Tomasi, Martin"]
[Result "1-0"]
[BlackElo "1696"]
[WhiteElo "2556"]
[LiveChessVersion "1.4.6"]

1. e4 {[%clk 0:05:02]} e6 {[%clk 0:05:03]} 2. d4 {[%clk 0:04:56]} d5
{[%clk 0:05:03]} 3. exd5 {[%clk 0:04:55]} exd5 {[%clk 0:05:03]} 4. Nf3
{[%clk 0:04:55]} Bd6 {[%clk 0:05:00]} 5. c4 {[%clk 0:04:55]} c6 {[%clk 0:04:59]}
6. Nc3 {[%clk 0:04:54]} Ne7 {[%clk 0:04:38]} 7. c5 {[%clk 0:04:54]} Bc7
{[%clk 0:04:38]} 8. Bd3 {[%clk 0:04:54]} h6 {[%clk 0:04:33]} 9. O-O
{[%clk 0:04:54]} Be6 {[%clk 0:04:33]} 10. Re1 {[%clk 0:04:54]} Nd7
{[%clk 0:04:32]} 11. Ne2 {[%clk 0:04:54]} g5 {[%clk 0:04:12]} 12. Ng3
{[%clk 0:04:54]} Nf6 {[%clk 0:04:09]} 13. Ne5 {[%clk 0:04:54]} Bxe5
{[%clk 0:03:59]} 14. Rxe5 {[%clk 0:04:49]} Qd7 {[%clk 0:03:48]} 15. b4
{[%clk 0:04:47]} O-O-O {[%clk 0:03:26]} 16. a4 {[%clk 0:04:46]} Qc7
{[%clk 0:03:20]} 17. b5 {[%clk 0:04:45]} Nd7 {[%clk 0:03:11]} 18. Re1
{[%clk 0:04:45]} g4 {[%clk 0:02:51]} 19. Nh5 {[%clk 0:04:35]} Rdg8
{[%clk 0:02:41]} 20. Bf4 {[%clk 0:04:35]} Qd8 {[%clk 0:02:35]} 21. a5
{[%clk 0:04:35]} cxb5 {[%clk 0:01:50]} 22. a6 {[%clk 0:04:33]} Nc6
{[%clk 0:01:00]} 23. Bxb5 {[%clk 0:04:30]} Qh4 {[%clk 0:00:52]} 24. axb7+
{[%clk 0:04:30]} Kxb7 {[%clk 0:00:44]} 25. Bxc6+ {[%clk 0:04:30]} Kxc6
{[%clk 0:00:44]} 26. Ra6+ {[%clk 0:04:24]} Kb7 {[%clk 0:00:38]} 27. Rxa7+
{[%clk 0:04:24]} Kxa7 {[%clk 0:00:31]} 28. Qa4+ {[%clk 0:04:24]} Kb7
{[%clk 0:00:31]} 29. c6+ {[%clk 0:04:22]} Kc8 {[%clk 0:00:29]} 30. Qa8+
{[%clk 0:04:21]} 1-0

[Event "12e Open de Quenza"]
[Site "Quenza"]
[Date "2023.07.23"]
[Round "2.7"]
[White "Geronimi, Paul-Antoine"]
[Black "Travadon, Loic"]
[Result "0-1"]
[BlackElo "2463"]
[WhiteElo "1673"]
[LiveChessVersion "1.4.6"]

1. e4 {[%clk 0:05:03]} e5 {[%clk 0:04:57]} 2. Nf3 {[%clk 0:05:03]} d6
{[%clk 0:04:57]} 3. Bc4 {[%clk 0:05:00]} Nf6 {[%clk 0:04:57]} 4. d3
{[%clk 0:04:58]} Be7 {[%clk 0:04:57]} 5. h3 {[%clk 0:04:39]} O-O {[%clk 0:04:57]}
6. Be3 {[%clk 0:04:39]} c6 {[%clk 0:04:54]} 7. Qd2 {[%clk 0:04:37]} h6
{[%clk 0:04:50]} 8. Bxh6 {[%clk 0:04:07]} gxh6 {[%clk 0:04:49]} 9. Qxh6
{[%clk 0:04:07]} d5 {[%clk 0:04:46]} 10. exd5 {[%clk 0:03:30]} cxd5
{[%clk 0:04:44]} 11. Bb3 {[%clk 0:03:11]} Nc6 {[%clk 0:04:01]} 12. g4
{[%clk 0:02:53]} e4 {[%clk 0:03:42]} 13. dxe4 {[%clk 0:02:07]} Nxe4
{[%clk 0:03:42]} 14. g5 {[%clk 0:01:50]} Bf5 {[%clk 0:03:38]} 15. Rg1
{[%clk 0:01:06]} Bg6 {[%clk 0:03:30]} 16. h4 {[%clk 0:00:54]} Re8
{[%clk 0:03:30]} 17. h5 {[%clk 0:00:32]} Bf8 {[%clk 0:03:30]} 18. hxg6
{[%clk 0:00:13]} Bxh6 {[%clk 0:03:28]} 19. gxh6 {[%clk 0:00:08]} Ng5+
{[%clk 0:03:28]} 20. Kf1 {[%clk 0:00:08]} Nxf3 {[%clk 0:03:27]} 21. gxf7+
{[%clk 0:00:08]} Kxf7 {[%clk 0:03:27]} 22. Rg7+ {[%clk 0:00:08]} Kf6
{[%clk 0:03:27]} 23. Kg2 {[%clk 0:00:08]} Nh4+ {[%clk 0:03:27]} 24. Kg3
{[%clk 0:00:08]} Nf5+ {[%clk 0:03:27]} 25. Kf4 {[%clk 0:00:08]} Qd6+
{[%clk 0:03:27]} 26. Kg4 {[%clk 0:00:08]} Nxh6+ {[%clk 0:03:27]} 27. Kh5
{[%clk 0:00:06]} Kxg7 {[%clk 0:03:27]} 28. Nd2 {[%clk 0:00:06]} Na5
{[%clk 0:03:27]} 29. Rg1+ {[%clk 0:00:06]} Kh7 {[%clk 0:03:27]} 30. Nf3
{[%clk 0:00:06]} Re5+ {[%clk 0:03:27]} 31. Kh4 {[%clk 0:00:06]} Nxb3
{[%clk 0:03:27]} 32. Ng5+ {[%clk 0:00:05]} Rxg5 {[%clk 0:03:27]} 33. Rxg5
{[%clk 0:00:05]} Qf4+ {[%clk 0:03:27]} 34. Kh5 {[%clk 0:00:05]} Qxg5+
{[%clk 0:03:27]} 0-1

[Event "12e Open de Quenza"]
[Site "Quenza"]
[Date "2023.07.23"]
[Round "2.8"]
[White "Glek, Igor"]
[Black "Deladerriere, Calypso"]
[Result "1-0"]
[BlackElo "1910"]
[WhiteElo "2410"]
[LiveChessVersion "1.4.6"]

1. e4 {[%clk 0:05:03]} d5 {[%clk 0:05:03]} 2. exd5 {[%clk 0:05:03]} Qxd5
{[%clk 0:05:03]} 3. Nc3 {[%clk 0:05:03]} Qd6 {[%clk 0:05:03]} 4. d4
{[%clk 0:05:03]} Nf6 {[%clk 0:05:03]} 5. Nf3 {[%clk 0:04:57]} g6 {[%clk 0:05:03]}
6. Bd3 {[%clk 0:04:39]} Bg7 {[%clk 0:05:03]} 7. h3 {[%clk 0:04:38]} O-O
{[%clk 0:04:57]} 8. O-O {[%clk 0:04:38]} a6 {[%clk 0:04:56]} 9. Re1
{[%clk 0:04:32]} Nc6 {[%clk 0:04:51]} 10. Be3 {[%clk 0:04:22]} b5
{[%clk 0:04:19]} 11. a4 {[%clk 0:04:16]} b4 {[%clk 0:04:10]} 12. Ne4
{[%clk 0:04:13]} Nxe4 {[%clk 0:03:50]} 13. Bxe4 {[%clk 0:04:13]} a5
{[%clk 0:03:24]} 14. c3 {[%clk 0:04:07]} Rb8 {[%clk 0:03:00]} 15. Qc1
{[%clk 0:04:06]} Ba6 {[%clk 0:02:43]} 16. Bf4 {[%clk 0:04:04]} Qd7
{[%clk 0:02:39]} 17. Bxc6 {[%clk 0:03:57]} Qxc6 {[%clk 0:02:38]} 18. Rxe7
{[%clk 0:03:57]} Rb7 {[%clk 0:02:20]} 19. cxb4 {[%clk 0:03:16]} Qxc1+
{[%clk 0:02:09]} 20. Rxc1 {[%clk 0:03:16]} Rxb4 {[%clk 0:01:59]} 21. Rcxc7
{[%clk 0:03:15]} Rxa4 {[%clk 0:01:18]} 22. Be5 {[%clk 0:03:04]} Ra1+
{[%clk 0:00:49]} 23. Kh2 {[%clk 0:03:04]} Ra2 {[%clk 0:00:49]} 24. Bxg7
{[%clk 0:02:59]} Kxg7 {[%clk 0:00:49]} 25. Ng5 {[%clk 0:02:54]} Rxb2
{[%clk 0:00:18]} 26. Ne6+ {[%clk 0:02:54]} Kg8 {[%clk 0:00:18]} 27. Nxf8
{[%clk 0:02:54]} 1-0

[Event "12e Open de Quenza"]
[Site "Quenza"]
[Date "2023.07.23"]
[Round "3.1"]
[White "Fressinet, Laurent"]
[Black "Geronimi, Pierre-Francois"]
[Result "1-0"]
[BlackElo "2025"]
[WhiteElo "2652"]
[LiveChessVersion "1.4.6"]

1. d4 {[%clk 0:05:03]} g6 {[%clk 0:05:03]} 2. e4 {[%clk 0:05:03]} Bg7
{[%clk 0:05:03]} 3. Nc3 {[%clk 0:05:03]} d6 {[%clk 0:05:03]} 4. Be3
{[%clk 0:05:03]} a6 {[%clk 0:05:03]} 5. h4 {[%clk 0:05:02]} h6 {[%clk 0:05:03]}
6. f4 {[%clk 0:04:59]} b5 {[%clk 0:05:02]} 7. h5 {[%clk 0:04:56]} Nf6
{[%clk 0:04:13]} 8. hxg6 {[%clk 0:04:56]} fxg6 {[%clk 0:04:13]} 9. e5
{[%clk 0:04:41]} Ng4 {[%clk 0:03:40]} 10. Qf3 {[%clk 0:04:29]} Nxe3
{[%clk 0:03:38]} 11. Qxe3 {[%clk 0:04:29]} b4 {[%clk 0:02:17]} 12. Ne4
{[%clk 0:04:13]} Bb7 {[%clk 0:02:01]} 13. O-O-O {[%clk 0:04:03]} Qd7
{[%clk 0:01:33]} 14. Bd3 {[%clk 0:03:56]} Nc6 {[%clk 0:01:14]} 15. Ng3
{[%clk 0:03:19]} O-O-O {[%clk 0:00:52]} 16. Nf3 {[%clk 0:03:12]} Kb8
{[%clk 0:00:47]} 17. Ne2 {[%clk 0:03:00]} Na5 {[%clk 0:00:40]} 18. Kb1
{[%clk 0:02:53]} Bd5 {[%clk 0:00:37]} 19. Qd2 {[%clk 0:02:45]} c5
{[%clk 0:00:31]} 20. b3 {[%clk 0:02:35]} Rc8 {[%clk 0:00:31]} 21. Bxa6
{[%clk 0:02:27]} Rc7 {[%clk 0:00:25]} 22. dxc5 {[%clk 0:02:27]} Rxc5
{[%clk 0:00:25]} 23. Qxb4+ {[%clk 0:02:27]} Ka7 {[%clk 0:00:25]} 24. Nc3
{[%clk 0:01:48]} Rb8 {[%clk 0:00:20]} 25. Qd4 {[%clk 0:01:48]} Nc6
{[%clk 0:00:20]} 26. Qe3 {[%clk 0:01:47]} Nb4 {[%clk 0:00:19]} 27. Nxd5
{[%clk 0:01:24]} Nxd5 {[%clk 0:00:15]} 28. Rxd5 {[%clk 0:01:24]} Kxa6
{[%clk 0:00:13]} 29. Qxc5 {[%clk 0:01:24]} 1-0

[Event "12e Open de Quenza"]
[Site "Quenza"]
[Date "2023.07.23"]
[Round "3.2"]
[White "Podvin, Antoine"]
[Black "Bellahcene, Bilel"]
[Result "0-1"]
[BlackElo "2520"]
[WhiteElo "2081"]
[LiveChessVersion "1.4.6"]

1. d4 {[%clk 0:05:03]} Nf6 {[%clk 0:05:03]} 2. Nc3 {[%clk 0:05:03]} e6
{[%clk 0:05:03]} 3. e4 {[%clk 0:05:03]} d5 {[%clk 0:05:03]} 4. e5
{[%clk 0:05:03]} Nfd7 {[%clk 0:05:03]} 5. f4 {[%clk 0:05:03]} c5 {[%clk 0:05:03]}
6. Nf3 {[%clk 0:05:03]} Nc6 {[%clk 0:05:03]} 7. Ne2 {[%clk 0:05:03]} b5
{[%clk 0:05:03]} 8. g3 {[%clk 0:05:03]} b4 {[%clk 0:05:02]} 9. Bh3
{[%clk 0:05:03]} g6 {[%clk 0:05:01]} 10. O-O {[%clk 0:05:01]} Ba6
{[%clk 0:04:59]} 11. Be3 {[%clk 0:04:59]} Qb6 {[%clk 0:04:45]} 12. c3
{[%clk 0:04:49]} Be7 {[%clk 0:04:38]} 13. Rf2 {[%clk 0:04:49]} bxc3
{[%clk 0:04:38]} 14. bxc3 {[%clk 0:04:49]} Rb8 {[%clk 0:04:38]} 15. Rf1
{[%clk 0:04:19]} Qa5 {[%clk 0:04:25]} 16. Rc1 {[%clk 0:03:21]} Qxa2
{[%clk 0:04:12]} 17. Rf2 {[%clk 0:03:10]} Qb3 {[%clk 0:04:12]} 18. Qd2
{[%clk 0:03:04]} Na5 {[%clk 0:04:12]} 19. Ra1 {[%clk 0:02:57]} Qb5
{[%clk 0:03:53]} 20. Qa2 {[%clk 0:02:49]} Nb3 {[%clk 0:02:40]} 21. Qxa6
{[%clk 0:02:35]} Nxa1 {[%clk 0:02:40]} 22. Qxa1 {[%clk 0:02:35]} a5
{[%clk 0:02:40]} 23. Bf1 {[%clk 0:02:27]} a4 {[%clk 0:02:25]} 24. dxc5
{[%clk 0:02:19]} Nxc5 {[%clk 0:02:25]} 25. Ned4 {[%clk 0:02:03]} Qd7
{[%clk 0:02:25]} 26. Ra2 {[%clk 0:01:35]} O-O {[%clk 0:02:20]} 27. h4 Rb7
{[%clk 0:02:05]} 28. h5 {[%clk 0:01:28]} Rfb8 {[%clk 0:02:05]} 29. Nd2
{[%clk 0:01:15]} Ne4 {[%clk 0:01:42]} 30. Qe1 {[%clk 0:00:53]} Nxc3
{[%clk 0:01:39]} 31. Rc2 {[%clk 0:00:46]} Rc8 {[%clk 0:01:25]} 32. h6
{[%clk 0:00:44]} a3 {[%clk 0:01:25]} 33. N2b3 {[%clk 0:00:36]} Ne4
{[%clk 0:01:18]} 34. Rxc8+ {[%clk 0:00:36]} Qxc8 {[%clk 0:01:18]} 35. Ba6
{[%clk 0:00:35]} Bf8 {[%clk 0:00:48]} 36. Bxb7 {[%clk 0:00:35]} Qxb7
{[%clk 0:00:48]} 37. Kg2 {[%clk 0:00:35]} Bxh6 {[%clk 0:00:47]} 38. Qa5
{[%clk 0:00:35]} Bf8 {[%clk 0:00:47]} 39. Kh3 {[%clk 0:00:28]} h5
{[%clk 0:00:47]} 40. Nb5 {[%clk 0:00:28]} d4 {[%clk 0:00:39]} 41. N3xd4
{[%clk 0:00:22]} Nf2+ {[%clk 0:00:36]} 42. Kh2 {[%clk 0:00:10]} Qh1#
{[%clk 0:00:36]} 0-1

[Event "12e Open de Quenza"]
[Site "Quenza"]
[Date "2023.07.23"]
[Round "3.3"]
[White "Van Wely, Loek"]
[Black "Guazzelli, Jean-Baptiste"]
[Result "1-0"]
[BlackElo "2055"]
[WhiteElo "2644"]
[LiveChessVersion "1.4.6"]

1. d4 {[%clk 0:05:03]} Nf6 {[%clk 0:05:03]} 2. c4 {[%clk 0:05:03]} e5
{[%clk 0:05:03]} 3. dxe5 {[%clk 0:05:03]} Ng4 {[%clk 0:05:03]} 4. Bf4
{[%clk 0:05:03]} Bb4+ {[%clk 0:05:03]} 5. Nc3 {[%clk 0:05:03]} Nc6
{[%clk 0:05:03]} 6. Nf3 {[%clk 0:05:03]} Qe7 {[%clk 0:05:01]} 7. Qd5
{[%clk 0:05:03]} Bxc3+ {[%clk 0:04:59]} 8. bxc3 {[%clk 0:05:03]} f6
{[%clk 0:04:32]} 9. exf6 {[%clk 0:05:03]} Nxf6 {[%clk 0:04:32]} 10. Qd3
{[%clk 0:05:03]} d6 {[%clk 0:04:25]} 11. g3 {[%clk 0:05:03]} O-O {[%clk 0:04:25]}
12. Bg2 {[%clk 0:05:03]} Nd7 {[%clk 0:03:43]} 13. Ng5 {[%clk 0:04:36]} Nf6
{[%clk 0:03:43]} 14. O-O {[%clk 0:04:08]} Bg4 {[%clk 0:03:43]} 15. Rfe1
{[%clk 0:03:48]} h6 {[%clk 0:03:26]} 16. Nf3 {[%clk 0:03:39]} Nd7
{[%clk 0:03:23]} 17. Nd4 {[%clk 0:01:37]} Nce5 {[%clk 0:02:55]} 18. Bxe5
{[%clk 0:01:37]} dxe5 {[%clk 0:02:29]} 19. Nb3 {[%clk 0:01:37]} c6
{[%clk 0:02:06]} 20. Qe3 {[%clk 0:01:32]} Be6 {[%clk 0:01:59]} 21. Rab1
{[%clk 0:01:12]} Rab8 {[%clk 0:01:06]} 22. Na5 {[%clk 0:01:11]} Qc5
{[%clk 0:00:58]} 23. Qxc5 {[%clk 0:01:02]} Nxc5 {[%clk 0:00:58]} 24. Rb4
{[%clk 0:01:02]} Na6 {[%clk 0:00:18]} 25. Rxb7 {[%clk 0:01:00]} Rxb7
{[%clk 0:00:18]} 26. Nxb7 {[%clk 0:01:00]} Bxc4 {[%clk 0:00:18]} 27. Bxc6
{[%clk 0:00:53]} Rc8 {[%clk 0:00:18]} 28. Be4 {[%clk 0:00:51]} Rc7
{[%clk 0:00:07]} 29. Nd6 {[%clk 0:00:43]} Be6 {[%clk 0:00:07]} 30. c4
{[%clk 0:00:42]} Nc5 {[%clk 0:00:07]} 31. Bd5 {[%clk 0:00:42]} Bxd5
{[%clk 0:00:07]} 32. cxd5 {[%clk 0:00:42]} Rd7 {[%clk 0:00:07]} 33. Rc1
{[%clk 0:00:40]} Na4 {[%clk 0:00:05]} 34. Nf5 {[%clk 0:00:40]} g6
{[%clk 0:00:05]} 35. Ne3 {[%clk 0:00:39]} Nb6 {[%clk 0:00:05]} 36. Rc6
{[%clk 0:00:39]} Kg7 {[%clk 0:00:05]} 37. h4 {[%clk 0:00:32]} Nxd5
{[%clk 0:00:05]} 38. Nxd5 {[%clk 0:00:32]} Rxd5 {[%clk 0:00:05]} 39. Rc7+
{[%clk 0:00:32]} Kf6 {[%clk 0:00:05]} 40. Rxa7 {[%clk 0:00:32]} Rd2
{[%clk 0:00:05]} 41. e3 {[%clk 0:00:32]} Kf5 {[%clk 0:00:05]} 42. Kg2
{[%clk 0:00:30]} g5 {[%clk 0:00:04]} 43. hxg5 {[%clk 0:00:26]} hxg5
{[%clk 0:00:04]} 44. Ra4 {[%clk 0:00:21]} g4 45. Ra8 Re2 46. a4 Ra2 47. a5 Ke4
48. a6 Kd5 1-0

[Event "12e Open de Quenza"]
[Site "Quenza"]
[Date "2023.07.23"]
[Round "3.4"]
[White "Cristofari, Antoine"]
[Black "Tregubov, Pavel V."]
[Result "1-0"]
[BlackElo "2567"]
[WhiteElo "2017"]
[LiveChessVersion "1.4.6"]

1. e4 {[%clk 0:05:03]} c5 {[%clk 0:05:03]} 2. c3 {[%clk 0:05:03]} Nf6
{[%clk 0:05:01]} 3. e5 {[%clk 0:05:03]} Nd5 {[%clk 0:05:01]} 4. d4
{[%clk 0:05:03]} cxd4 {[%clk 0:05:01]} 5. Bc4 {[%clk 0:05:02]} Nb6
{[%clk 0:05:00]} 6. Bb3 {[%clk 0:05:01]} d6 {[%clk 0:04:57]} 7. exd6
{[%clk 0:04:56]} Qxd6 {[%clk 0:04:43]} 8. Nf3 {[%clk 0:04:51]} Nc6
{[%clk 0:04:43]} 9. O-O {[%clk 0:04:17]} Be6 {[%clk 0:04:43]} 10. Na3
{[%clk 0:03:30]} dxc3 {[%clk 0:04:35]} 11. Bxe6 {[%clk 0:02:35]} Qxe6
{[%clk 0:04:24]} 12. Nb5 {[%clk 0:02:28]} Rc8 {[%clk 0:04:20]} 13. bxc3
{[%clk 0:02:19]} a6 {[%clk 0:03:26]} 14. Re1 {[%clk 0:02:14]} Qxe1+
{[%clk 0:02:51]} 15. Qxe1 {[%clk 0:02:12]} axb5 {[%clk 0:02:51]} 16. Rb1
{[%clk 0:01:58]} b4 {[%clk 0:02:15]} 17. cxb4 {[%clk 0:01:55]} e6
{[%clk 0:02:15]} 18. a3 {[%clk 0:01:55]} Be7 {[%clk 0:02:14]} 19. g3
{[%clk 0:01:54]} O-O {[%clk 0:02:14]} 20. Qe4 {[%clk 0:01:44]} h6
{[%clk 0:02:10]} 21. Qg4 {[%clk 0:01:35]} Kh8 {[%clk 0:02:09]} 22. Bb2
{[%clk 0:01:35]} Rg8 {[%clk 0:02:03]} 23. Qh5 {[%clk 0:01:29]} f6
{[%clk 0:01:51]} 24. Nh4 {[%clk 0:01:22]} Rgd8 {[%clk 0:01:45]} 25. b5
{[%clk 0:01:09]} Na5 {[%clk 0:01:42]} 26. Ng6+ {[%clk 0:01:09]} Kh7
{[%clk 0:01:41]} 27. Nxe7 {[%clk 0:01:09]} Rc7 {[%clk 0:01:41]} 28. Qg6+
{[%clk 0:01:09]} Kh8 {[%clk 0:01:41]} 29. Bxf6 {[%clk 0:01:06]} 1-0

[Event "12e Open de Quenza"]
[Site "Quenza"]
[Date "2023.07.23"]
[Round "3.5"]
[White "Kosteniuk, Alexandra"]
[Black "Lauron, Wesley"]
[Result "1-0"]
[BlackElo "1832"]
[WhiteElo "2532"]
[LiveChessVersion "1.4.6"]

1. e4 {[%clk 0:05:03]} e5 {[%clk 0:05:03]} 2. Nf3 {[%clk 0:05:03]} Nc6
{[%clk 0:05:03]} 3. Bb5 {[%clk 0:05:03]} a6 {[%clk 0:05:03]} 4. Ba4
{[%clk 0:05:03]} Nf6 {[%clk 0:05:03]} 5. O-O {[%clk 0:05:03]} b5 {[%clk 0:05:03]}
6. Bb3 {[%clk 0:05:03]} Nxe4 {[%clk 0:05:03]} 7. d4 {[%clk 0:05:03]} d5
{[%clk 0:05:03]} 8. dxe5 {[%clk 0:05:02]} Be6 {[%clk 0:05:03]} 9. Nbd2
{[%clk 0:04:41]} Be7 {[%clk 0:04:18]} 10. Qe2 {[%clk 0:04:09]} Nc5
{[%clk 0:03:37]} 11. c3 {[%clk 0:04:09]} O-O {[%clk 0:03:30]} 12. Bc2
{[%clk 0:04:09]} Bg4 {[%clk 0:03:24]} 13. h3 {[%clk 0:04:07]} Bh5
{[%clk 0:03:24]} 14. Re1 {[%clk 0:04:00]} Ne6 {[%clk 0:03:17]} 15. Nf1
{[%clk 0:03:58]} d4 {[%clk 0:03:16]} 16. Be4 {[%clk 0:03:46]} Qd7
{[%clk 0:03:04]} 17. Ng3 {[%clk 0:03:23]} Bg6 {[%clk 0:03:04]} 18. Bxc6
{[%clk 0:03:20]} Qxc6 {[%clk 0:03:02]} 19. Nxd4 {[%clk 0:03:20]} Nxd4
{[%clk 0:02:56]} 20. cxd4 {[%clk 0:03:20]} Bb4 {[%clk 0:02:45]} 21. Bd2
{[%clk 0:03:20]} a5 {[%clk 0:02:38]} 22. a3 {[%clk 0:03:14]} Be7 {[%clk 0:02:31]}
23. Rac1 {[%clk 0:03:10]} Qb6 {[%clk 0:02:30]} 24. Be3 {[%clk 0:02:57]} Rfd8
{[%clk 0:02:18]} 25. Qf3 {[%clk 0:02:49]} Ra6 {[%clk 0:01:06]} 26. d5
{[%clk 0:02:43]} Qb8 {[%clk 0:01:04]} 27. Red1 {[%clk 0:02:39]} b4
{[%clk 0:01:04]} 28. a4 {[%clk 0:02:39]} b3 {[%clk 0:01:04]} 29. Nf5
{[%clk 0:02:34]} Bb4 {[%clk 0:00:58]} 30. h4 {[%clk 0:02:18]} h5 {[%clk 0:00:58]}
31. Bc5 {[%clk 0:01:54]} Qc8 {[%clk 0:00:41]} 32. Ne7+ {[%clk 0:01:54]} 1-0

[Event "12e Open de Quenza"]
[Site "Quenza"]
[Date "2023.07.23"]
[Round "3.6"]
[White "Battesti, Marc-Andria"]
[Black "Maurizzi, Marc Andria"]
[Result "0-1"]
[BlackElo "2556"]
[WhiteElo "2009"]
[LiveChessVersion "1.4.6"]

1. Nf3 {[%clk 0:05:03]} d5 {[%clk 0:05:03]} 2. b3 {[%clk 0:05:03]} c5
{[%clk 0:05:03]} 3. Bb2 {[%clk 0:05:03]} Nc6 {[%clk 0:05:03]} 4. e3
{[%clk 0:05:03]} a6 {[%clk 0:05:03]} 5. d4 {[%clk 0:05:03]} cxd4 {[%clk 0:05:03]}
6. exd4 {[%clk 0:05:03]} Bf5 {[%clk 0:05:03]} 7. Bd3 {[%clk 0:04:57]} Bxd3
{[%clk 0:05:03]} 8. Qxd3 e6 9. O-O {[%clk 0:04:57]} Nge7 {[%clk 0:05:03]} 10. Ba3
{[%clk 0:04:56]} g6 {[%clk 0:04:51]} 11. Nbd2 {[%clk 0:04:50]} Bg7
{[%clk 0:04:51]} 12. Bxe7 {[%clk 0:04:49]} Qxe7 {[%clk 0:04:51]} 13. c3
{[%clk 0:04:49]} O-O {[%clk 0:04:51]} 14. Rfe1 {[%clk 0:04:46]} Rac8
{[%clk 0:04:51]} 15. b4 {[%clk 0:04:43]} Qc7 {[%clk 0:04:18]} 16. Nb3
{[%clk 0:04:33]} e5 {[%clk 0:04:18]} 17. dxe5 {[%clk 0:04:14]} Nxe5
{[%clk 0:04:18]} 18. Nxe5 {[%clk 0:04:14]} Bxe5 {[%clk 0:04:18]} 19. Rac1
{[%clk 0:03:30]} Bxh2+ {[%clk 0:04:05]} 20. Kh1 {[%clk 0:03:30]} Bf4
{[%clk 0:03:55]} 21. Rc2 {[%clk 0:03:19]} Rfe8 {[%clk 0:03:42]} 22. Rd1
{[%clk 0:03:11]} Re5 {[%clk 0:03:03]} 23. g3 {[%clk 0:03:09]} Rh5+
{[%clk 0:03:03]} 24. Kg2 Qd7 25. Rh1 {[%clk 0:02:12]} Rxh1 {[%clk 0:03:03]} 26.
Kxh1 {[%clk 0:02:12]} Be5 {[%clk 0:02:58]} 27. Kg2 {[%clk 0:02:09]} Kg7
{[%clk 0:02:53]} 28. Nc5 {[%clk 0:02:03]} Qc6 {[%clk 0:02:53]} 29. Re2
{[%clk 0:01:18]} Bf6 {[%clk 0:02:46]} 30. Qf3 {[%clk 0:01:00]} b6
{[%clk 0:02:43]} 31. Nxa6 {[%clk 0:00:47]} Qb5 {[%clk 0:02:32]} 0-1